<?xml version="1.0" encoding="UTF-8"?><marc:collection xmlns:marc="http://www.loc.gov/MARC21/slim">
  <marc:record>
    <marc:leader>00000nam  2200000zi 4500</marc:leader>
    <marc:controlfield tag="001">9.888678</marc:controlfield>
    <marc:controlfield tag="003">CaOODSP</marc:controlfield>
    <marc:controlfield tag="005">20250910142446</marc:controlfield>
    <marc:controlfield tag="006">m     o  d f      </marc:controlfield>
    <marc:controlfield tag="007">cr |n|||||||||</marc:controlfield>
    <marc:controlfield tag="008">200626t20072007oncabo  ob   f001 0 fre d</marc:controlfield>
    <marc:datafield tag="020" ind1=" " ind2=" ">
      <marc:subfield code="z">1551250691</marc:subfield>
    </marc:datafield>
    <marc:datafield tag="040" ind1=" " ind2=" ">
      <marc:subfield code="a">CaOODSP</marc:subfield>
      <marc:subfield code="b">fre</marc:subfield>
      <marc:subfield code="e">rda</marc:subfield>
      <marc:subfield code="c">CaOODSP</marc:subfield>
    </marc:datafield>
    <marc:datafield tag="043" ind1=" " ind2=" ">
      <marc:subfield code="a">n-cn---</marc:subfield>
    </marc:datafield>
    <marc:datafield tag="086" ind1="1" ind2=" ">
      <marc:subfield code="a">D2-132/2002-2-2F-PDF</marc:subfield>
      <marc:subfield code="z">D2-132/2002-2-2F</marc:subfield>
      <marc:subfield code="z">D2-132/2002-2-1F</marc:subfield>
    </marc:datafield>
    <marc:datafield tag="100" ind1="1" ind2=" ">
      <marc:subfield code="a">Douglas, W. A. B. </marc:subfield>
      <marc:subfield code="q">(William Alexander Binny), </marc:subfield>
      <marc:subfield code="d">1929- </marc:subfield>
      <marc:subfield code="e">auteur.</marc:subfield>
    </marc:datafield>
    <marc:datafield tag="245" ind1="1" ind2="0">
      <marc:subfield code="a">Parmi les puissances navales / </marc:subfield>
      <marc:subfield code="c">W.A.B. Douglas, Roger Sarty, Michael Whitby, Robert H. Caldwell, William Johnston, William G.P. Rawling.</marc:subfield>
    </marc:datafield>
    <marc:datafield tag="264" ind1=" " ind2="1">
      <marc:subfield code="a">St. Catharines, ON : </marc:subfield>
      <marc:subfield code="b">Vanwell Publishing Limited ; </marc:subfield>
      <marc:subfield code="a">[Ottawa] : </marc:subfield>
      <marc:subfield code="b">Ministère de la défense nationale : </marc:subfield>
      <marc:subfield code="b">Ministère des travaux publics et services gouvernementaux Canada, </marc:subfield>
      <marc:subfield code="c">[2007]</marc:subfield>
    </marc:datafield>
    <marc:datafield tag="264" ind1=" " ind2="4">
      <marc:subfield code="c">©2007</marc:subfield>
    </marc:datafield>
    <marc:datafield tag="300" ind1=" " ind2=" ">
      <marc:subfield code="a">1 ressource en ligne (xvii, 680 pages) : </marc:subfield>
      <marc:subfield code="b">cartes, illustrations, photographies.</marc:subfield>
    </marc:datafield>
    <marc:datafield tag="336" ind1=" " ind2=" ">
      <marc:subfield code="a">texte</marc:subfield>
      <marc:subfield code="b">txt</marc:subfield>
      <marc:subfield code="2">rdacontent/fre</marc:subfield>
    </marc:datafield>
    <marc:datafield tag="337" ind1=" " ind2=" ">
      <marc:subfield code="a">informatique</marc:subfield>
      <marc:subfield code="b">c</marc:subfield>
      <marc:subfield code="2">rdamedia/fre</marc:subfield>
    </marc:datafield>
    <marc:datafield tag="338" ind1=" " ind2=" ">
      <marc:subfield code="a">ressource en ligne</marc:subfield>
      <marc:subfield code="b">cr</marc:subfield>
      <marc:subfield code="2">rdacarrier/fre</marc:subfield>
    </marc:datafield>
    <marc:datafield tag="490" ind1="0" ind2=" ">
      <marc:subfield code="a">Histoire officielle de la Marine royale du Canada pendant la Deuxième Guerre mondiale, 1939-1943 ; </marc:subfield>
      <marc:subfield code="v">Volume 2, partie 2</marc:subfield>
    </marc:datafield>
    <marc:datafield tag="500" ind1=" " ind2=" ">
      <marc:subfield code="a">Numérisé par Programme de services des éditions et de dépôt.</marc:subfield>
    </marc:datafield>
    <marc:datafield tag="500" ind1=" " ind2=" ">
      <marc:subfield code="a">Publié aussi en anglais sous le titre : A blue water navy.</marc:subfield>
    </marc:datafield>
    <marc:datafield tag="504" ind1=" " ind2=" ">
      <marc:subfield code="a">Comprend des références bibliographiques (pages 650-666) et des index.</marc:subfield>
    </marc:datafield>
    <marc:datafield tag="505" ind1="0" ind2=" ">
      <marc:subfield code="a">Section 3: Consolidation -- Section 4: Nouvelles orientations -- Annexes.</marc:subfield>
    </marc:datafield>
    <marc:datafield tag="520" ind1=" " ind2=" ">
      <marc:subfield code="a">« Au début de la Deuxième Guerre mondiale, la Marine royale du Canada combattait de toutes ses forces les sous-marins allemands sur les itinéraires des convois en Atlantique. Elle concentrait là ses efforts, mais les officiers de carrière n'ont jamais perdu de vue l'objectif de créer une marine équilibrée, possédant les navires de fort tonnage pouvant donner au Canada la capacité de projeter sa puissance navale à travers le monde. La seconde partie de l'histoire officielle des opérations de la Marine royale du Canada poursuit le récit de Rien de plus noble jusqu'à la fin de la guerre, au moment où elle réalise à peu près son ambition de « marine océanique » » -- Jaquette.</marc:subfield>
    </marc:datafield>
    <marc:datafield tag="530" ind1=" " ind2=" ">
      <marc:subfield code="a">Également publié en version imprimée.</marc:subfield>
    </marc:datafield>
    <marc:datafield tag="610" ind1="1" ind2="6">
      <marc:subfield code="a">Canada. </marc:subfield>
      <marc:subfield code="b">Marine royale</marc:subfield>
      <marc:subfield code="x">Histoire</marc:subfield>
      <marc:subfield code="y">Guerre mondiale, 1939-1945.</marc:subfield>
    </marc:datafield>
    <marc:datafield tag="650" ind1=" " ind2="6">
      <marc:subfield code="a">Guerre mondiale, 1939-1945</marc:subfield>
      <marc:subfield code="x">Opérations navales canadiennes.</marc:subfield>
    </marc:datafield>
    <marc:datafield tag="651" ind1=" " ind2="6">
      <marc:subfield code="a">Canada</marc:subfield>
      <marc:subfield code="x">Histoire navale.</marc:subfield>
    </marc:datafield>
    <marc:datafield tag="710" ind1="1" ind2=" ">
      <marc:subfield code="a">Canada. </marc:subfield>
      <marc:subfield code="b">Ministère de la défense nationale, </marc:subfield>
      <marc:subfield code="e">organisme de publication.</marc:subfield>
    </marc:datafield>
    <marc:datafield tag="775" ind1="0" ind2="8">
      <marc:subfield code="t">A blue water navy / </marc:subfield>
      <marc:subfield code="w">(CaOODSP)9.888672</marc:subfield>
    </marc:datafield>
    <marc:datafield tag="776" ind1="0" ind2="#">
      <marc:subfield code="t">Parmi les puissances navales : </marc:subfield>
      <marc:subfield code="w">(CaOODSP)9.683812</marc:subfield>
    </marc:datafield>
    <marc:datafield tag="856" ind1="4" ind2="0">
      <marc:subfield code="q">PDF</marc:subfield>
      <marc:subfield code="s">45.52 Mo</marc:subfield>
      <marc:subfield code="u">https://publications.gc.ca/collections/collection_2020/mdn-dnd/D2-132-2002-2-2-fra.pdf</marc:subfield>
    </marc:datafield>
  </marc:record>
</marc:collection>
